[Event "BL2 Gr03 0506 (Women)"]
[Site "Germany"]
[Date "2005.11.19"]
[Round "3.3"]
[White "Brandstaetter, Mareen"]
[Black "Zschischang, Marine"]
[Result "0-1"]
[WhiteElo "1640"]
[BlackElo "1976"]
[PlyCount "72"]
[EventDate "2005.10.29"]
[EventType "team-tourn"]
[EventRounds "7"]
[EventCountry "GER"]
[SourceTitle "EXT 2007"]
[Source "ChessBase"]
[SourceDate "2006.11.23"]
[SourceVersion "1"]
[SourceVersionDate "2006.11.23"]
[SourceQuality "1"]
[WhiteTeam "Hamburger SK II"]
[BlackTeam "Lehrte"]
[WhiteTeamCountry "GER"]
[BlackTeamCountry "GER"]

1. e4 e6 2. d4 d5 3. Nd2 dxe4 4. Nxe4 Nd7 5. Nf3 Ngf6 6. Nxf6+ Nxf6 7. Bd3 c5 8. c3 cxd4 9. Bb5+ Bd7 10. Bxd7+ Qxd7 11. Qxd4 Qxd4 12. Nxd4 0-0-0 13. 0-0 Bc5 14. Nb3 Bb6 15. Bf4 Nd5 16. Be5 f6 17. Bd4 e5 18. Bxb6 Nxb6 19. Nc5 Rd2 20. b3 Rhd8 21. Ne6 R8d7 22. c4 g6 23. f3 Rb2 24. Rfd1 Rxa2 25. Rxa2 Rxd1+ 26. Kf2 a6 27. Nc5 Nd7 28. Nxd7 Kxd7 29. Ke3 Kc6 30. Rd2 Rxd2 31. Kxd2 Kc5 32. Kc3 a5 33. g3 f5 34. h3 e4 35. fxe4 fxe4 36. g4 g5 0-1

[Event "Mecklenburg VP LL2 West 0304"]
[Site "Mecklenburg VP"]
[Date "2003.11.02"]
[Round "2.2"]
[White "Stahl, Rene"]
[Black "Brandstaetter, Mareen"]
[Result "1/2-1/2"]
[WhiteElo "1469"]
[BlackElo "1675"]
[PlyCount "59"]
[EventDate "2003.09.28"]
[EventType "team-tourn"]
[EventRounds "9"]
[EventCountry "GER"]
[SourceTitle "EXT 2022"]
[Source "ChessBase"]
[SourceDate "2021.10.06"]
[SourceVersion "1"]
[SourceVersionDate "2021.10.06"]
[SourceQuality "1"]
[WhiteTeam "Rostock HSG Uni II"]
[BlackTeam "Putlitz"]
[WhiteTeamCountry "GER"]
[BlackTeamCountry "GER"]

1. d4 d5 2. c4 e6 3. Nc3 Nf6 4. Bg5 c6 5. e3 Nbd7 6. Nf3 Be7 7. Rc1 0-0 8. Be2 Re8 9. 0-0 Ne4 10. Bxe7 Qxe7 11. Nd2 Nxc3 12. bxc3 e5 13. cxd5 cxd5 14. Bb5 a6 15. Ba4 b5 16. Bb3 Nb6 17. a4 e4 18. axb5 axb5 19. Ra1 Be6 20. Qe2 Qd7 21. Rfb1 Rec8 22. Rxa8 Rxa8 23. Bd1 Nc4 24. Nb3 Qc6 25. Nc5 Bd7 26. Nxd7 Qxd7 27. Qe1 Ra5 28. Be2 Qa7 29. Qd1 g6 30. Bxc4 1/2-1/2

[Event "Mecklenburg VP LL2 West 0203"]
[Site "Mecklenburg VP"]
[Date "2003.02.23"]
[Round "7.2"]
[White "Brandstaetter, Mareen"]
[Black "Hantel, Thomas"]
[Result "0-1"]
[WhiteElo "1679"]
[BlackElo "1805"]
[PlyCount "120"]
[EventDate "2002.10.20"]
[EventType "team-tourn"]
[EventRounds "9"]
[EventCountry "GER"]
[SourceTitle "EXT 2022"]
[Source "ChessBase"]
[SourceDate "2021.10.06"]
[SourceVersion "1"]
[SourceVersionDate "2021.10.06"]
[SourceQuality "1"]
[WhiteTeam "Putlitzer SV 1921"]
[BlackTeam "Guestrow/Teterow"]
[WhiteTeamCountry "GER"]
[BlackTeamCountry "GER"]

1. e4 c5 2. Nf3 d6 3. d4 cxd4 4. Nxd4 Nf6 5. Nc3 g6 6. Be3 Bg7 7. f3 0-0 8. Qd2 Nc6 9. 0-0-0 Bd7 10. h4 h5 11. Bc4 Ne5 12. Bb3 Rc8 13. g4 Nc4 14. Bxc4 Rxc4 15. gxh5 Nxh5 16. Qd3 Qc8 17. Nd5 Re8 18. Ne2 Bb5 19. Qd2 Rxc2+ 20. Qxc2 Qxc2+ 21. Kxc2 Bxe2 22. f4 Bxd1+ 23. Rxd1 Kf8 24. b3 Nf6 25. Kd3 Nxd5 26. exd5 Rc8 27. Rd2 b6 28. Rh2 e5 29. h5 gxh5 30. Rxh5 exf4 31. Bxf4 Ke7 32. Rh2 Be5 33. Re2 f6 34. Bd2 Kf7 35. Bb4 Rh8 36. a4 Rh3+ 37. Kc4 Rh4+ 38. Kb5 a6+ 39. Kxb6 Rxb4+ 40. Kxa6 Rxb3 41. Rd2 f5 42. a5 Bc3 43. Ra2 f4 44. Rf2 Be5 45. Rd2 Rb4 46. Ka7 Bd4+ 47. Ka6 Be3 48. Rh2 Rd4 49. Kb7 Rxd5 50. a6 Ra5 51. Rh6 Ke7 52. Rh7+ Ke6 53. Rh6+ Ke7 54. Rh7+ Ke8 55. Rh8+ Kf7 56. Rh6 d5 57. Kb8 f3 58. Rh3 f2 59. Rf3+ Kg6 60. Kb7 Ra1 0-1